| 000 | 00639cam a22001697a 4500 | ||
|---|---|---|---|
| 008 | 180718b2003 xxu||||| |||| 00| 0 eng d | ||
| 082 | _aAPPPA 2002-03/BHA/3 | ||
| 100 | _aBhalla, Vinay | ||
| 245 |
_aPrivatisation of defence industry with special reference to clothing factories under ordance factory board _cby Vinay Bhalla |
||
| 260 |
_aNew Delhi _bIndian Institute of Public Administration _c2003 |
||
| 300 | _a147p. | ||
| 500 | _aAn APPPA M. Phil. dissertation, 2002-03 (Guide: Anil C. Ittyerah) | ||
| 650 | _aAPPPA | ||
| 650 | _aOrdance industry - India | ||
| 650 | _aOrdance Factory Board India | ||
| 650 | _aPrivatization - India | ||
| 999 |
_c492703 _d492703 |
||